[Event "EGY-chT"]
[Site "Egypt"]
[Date "2016.05.09"]
[Round "5.2"]
[White "Gaber, Waleid"]
[Black "Ameir, Moheb"]
[Result "0-1"]
[WhiteElo "2164"]
[BlackElo "2431"]
[PlyCount "96"]
[EventDate "2016.05.05"]
[EventType "team-tourn"]
[EventRounds "9"]
[EventCountry "EGY"]
[SourceTitle "CBM 172 Extra"]
[Source "ChessBase"]
[SourceDate "2016.06.21"]
[SourceVersion "1"]
[SourceVersionDate "2016.06.21"]
[SourceQuality "1"]
[WhiteTeam "Kanal Suez"]
[BlackTeam "Sharkia Dokhan"]
[WhiteTeamCountry "EGY"]
[BlackTeamCountry "EGY"]

1. d4 Nf6 2. Nf3 g6 3. b4 Bg7 4. Bb2 d5 5. e3 0-0 6. c4 c6 7. Be2 Be6 8. Nbd2 dxc4 9. Nxc4 Nbd7 10. 0-0 Nb6 11. Na5 Rb8 12. a3 Ne4 13. Qc2 Nd6 14. Nd2 Qc8 15. Rac1 Bh6 16. Bf3 Bg4 17. Qd1 Bxf3 18. Qxf3 Qe6 19. Rc2 Rfd8 20. Ndb3 Qd5 21. Qxd5 cxd5 22. Nd2 Na4 23. Ba1 Nb5 24. Rfc1 e6 25. Kf1 Bf8 26. Nb1 a6 27. Bb2 h5 28. Ke2 h4 29. h3 Bd6 30. Kd3 f5 31. Rg1 Kf7 32. g4 hxg3 33. f4 g5 34. Bc1 Rg8 35. Rxg3 b6 36. Nc6 gxf4 37. Rf3 Rbc8 38. exf4 Rc7 39. Rff2 Rg3+ 40. Be3 Rxh3 41. Nd8+ Kf6 42. Rxc7 Bxc7 43. Nc6 Nd6 44. Ne5 Nc4 45. Nxc4 dxc4+ 46. Ke2 c3 47. Bc1 c2 48. Nd2 Nc3+ 0-1